000 00540nam a2200205Ia 4500
003 IIN
005 20240205132650.0
008 231217s9999 xx 000 0 und d
020 _cRs.1250.00
_a9789351524083
040 _aIIN
_bEnglish
082 _a610.73068
_bBAS
100 1 _aBasavanthappa, B.T.
245 1 _aNursing Administration
_cB.T. Basavanthappa
250 _a3rd ed
260 _bJaypee
_aNew Delhi
_c2014
300 _axxiv, 1192p.
650 1 _aManagement
_vNursing
650 1 _aAdministration
_vNursing
942 _cBOOK
999 _c1618
_d1618